|
|
|
|
| LEADER |
00768nam a2200241 a 4500 |
| 001 |
000983222 |
| 003 |
CZ BrMZK |
| 005 |
20140221121029.0 |
| 007 |
ta |
| 008 |
010825s1990 gw f 000 0 ger d |
| 020 |
|
|
|a 3-372-00367-5
|
| 040 |
|
|
|a BOA001
|b cze
|
| 100 |
1 |
|
|a Bobrowski, Johannes,
|d 1917-1965
|7 jn20000700193
|4 aut
|
| 245 |
1 |
0 |
|a Levins Mühle :
|b 34 Sätze über meinen Großvater : Roman /
|c Johannes Bobrowski
|
| 250 |
|
|
|a 8. Aufl.
|
| 260 |
|
|
|a Berlin :
|b Union,
|c 1990
|
| 300 |
|
|
|a 232 s.
|
| 655 |
|
7 |
|a romány
|7 fd133289
|2 czenas
|
| 910 |
|
|
|a BOA001
|b NK-0000.353
|
| 928 |
|
|
|a Union Verlag
|
| 990 |
|
|
|a BK
|
| 991 |
|
|
|z 000009059
|x 44
|
| 996 |
7 |
|
|b 261D000159
|c NK-0000.353
|l Německá knihovna/2.patro
|r ZHR
|n 17
|p {B-00.353}
|h B-bob
|w 000983222
|u 000010
|a 0
|e BOA001
|j MZK50
|s A
|